| 000 | 01147nam a2200289Ia 4500 | ||
|---|---|---|---|
| 003 | PE SENCICO BE | ||
| 005 | 20251020182438.0 | ||
| 008 | 200515s9999 xx 000 0 und d | ||
| 020 | _a958-600-250-0 (Obra completa) | ||
| 040 |
_aPE SENCICO BE _cPE SENCICO BE |
||
| 041 | _aspa | ||
| 082 |
_a515.15 _bS79 1995 |
||
| 100 | 1 |
_aStein, Sherman K. _93211 _eautor |
|
| 245 | 1 | 0 |
_aCálculo y geometría analítica / _cStein Sherman K., Anthony Barcellos |
| 250 | _a5a ed. | ||
| 260 |
_aSantafé de Bogotá : _bMcGraw-Hill ; _c1995 |
||
| 300 |
_av. _btablas, gráficos ; _c27 cm. |
||
| 505 | 0 | _avolumen 2: Series de potencias y números complejos -- Vectores -- La derivación de una función vectorial -- Derivadas parciales -- Integrales definidas sobre regiones planas y sólidas -- El teorema de Green -- El teorema de la divergencia y el teorema de stokes | |
| 650 | 1 | 0 |
_aCálculo _93212 |
| 650 | 2 | 0 |
_aGeometría analítica _92105 |
| 650 | 2 | 0 |
_aIntegrales _93213 |
| 650 | 2 | 0 |
_aNúmeros complejos _93124 |
| 650 | 2 | 0 |
_aVectores _93182 |
| 650 | 2 | 0 |
_aTeorema de Stokes _93214 |
| 700 | 1 |
_93215 _aBarcellos, Anthony _eautor |
|
| 942 |
_cLIB _2ddc |
||
| 999 |
_c465 _d465 |
||